000 00292nam a22001337a 4500
008 171127b xxu||||| |||| 00| 0 eng d
020 _a9781457617782
041 _aeng
080 _27TH
_a37
100 _a46
101 _aEDU
245 _aA WRITER'S REFERENCE
_cHACKER,D
942 _2udc
_cBK
999 _c38535
_d38535